00844nam a2200253Ia 450000500170000000800410001702000250005804000190008304100120010208200150011424501140012925000130024326000370025630000250029344000380031850400400035665000140039665100270041070000190043785000100045694200070046699900160047395201010048920230420095502.0131103s9999 xx 000 0 und d a817188094 0cRs. 695 aLoreto College aEnglish a338.9bKAP aRecent developments in Indian economyb with special refererence to structural reforms cedited by Uma Kapila arev. ed. aDelhibAcademic Foundationc1993 a258 p.b ill.,tables aIndian Economy Since Independence aIncludes bibliographical references aEconomics aIndia - Economy Policy aKapila,Uma,ed. aLCLIB cBK c3096d53575 00102ddc4070aMAINbMAINd2013-11-04l0o338.9 KAP 37459pB2958r2013-11-04w2013-11-04yBKf